[Event "Budapest FS07 FM-A"]
[Site "Budapest"]
[Date "2003.07.12"]
[Round "8"]
[White "Reiss, Attila"]
[Black "Szekeres, Tibor"]
[Result "0-1"]
[WhiteElo "2151"]
[BlackElo "2165"]
[PlyCount "68"]
[EventDate "2003.06.09"]
[EventType "tourn"]
[EventRounds "12"]
[EventCountry "HUN"]
[SourceTitle "EXT 2004"]
[Source "ChessBase"]
[SourceDate "2003.11.25"]
[SourceVersion "1"]
[SourceVersionDate "2003.11.25"]
[SourceQuality "1"]

1. c4 e5 2. g3 Nf6 3. Bg2 g6 4. Nc3 Bg7 5. e4 0-0 6. Nge2 Nc6 7. 0-0 d6 8. f4 exf4 9. gxf4 Be6 10. b3 Qd7 11. d4 Bh3 12. Be3 Bxg2 13. Kxg2 Nxe4 14. Nxe4 Rae8 15. N2c3 f5 16. Qd2 fxe4 17. Rae1 Ne7 18. Nxe4 Nf5 19. Bf2 d5 20. Nc5 Qf7 21. Nxb7 dxc4 22. d5 c3 23. Qd3 Rxe1 24. Rxe1 Nd4 25. Bxd4 Qxd5+ 26. Kg3 Bxd4 27. Rd1 c2 28. Qxc2 Bf2+ 29. Kxf2 Rxf4+ 30. Ke1 Re4+ 31. Kf1 Qf5+ 32. Qf2 Rf4 33. Rd2 Rxf2+ 34. Rxf2 Qb5+ 0-1

[Event "HUN-chT2 Toth 0203"]
[Site "Hungary"]
[Date "2003.04.13"]
[Round "11"]
[White "Reiss, Attila"]
[Black "Telek, Gabor"]
[Result "1-0"]
[WhiteElo "2122"]
[BlackElo "2119"]
[PlyCount "81"]
[EventDate "2002.09.22"]
[EventType "team-tourn"]
[EventRounds "11"]
[EventCountry "HUN"]
[SourceTitle "EXT 2009"]
[Source "ChessBase"]
[SourceDate "2008.11.26"]
[SourceVersion "1"]
[SourceVersionDate "2008.11.26"]
[SourceQuality "1"]

1. c4 c5 2. g3 g6 3. Bg2 Bg7 4. Nc3 Nc6 5. a3 e6 6. b4 Nge7 7. Rb1 0-0 8. Nf3 d5 9. cxd5 exd5 10. bxc5 d4 11. Nb5 Bf5 12. d3 Nd5 13. Bd2 Nc3 14. Bxc3 dxc3 15. 0-0 Qd5 16. Nc7 Qxc5 17. Rb5 Qxa3 18. Nxa8 Rxa8 19. Rxb7 Nb4 20. Ne1 a5 21. Nc2 Qa4 22. Nxb4 axb4 23. Rxb4 Qxd1 24. Rxd1 c2 25. Rc1 Rc8 26. d4 Bh6 27. f4 g5 28. e3 gxf4 29. gxf4 Rc3 30. Kf2 Bf8 31. Rb8 Kg7 32. Rxf8 Kxf8 33. Ke2 Rc4 34. e4 Bd7 35. Kd3 Bb5 36. Rxc2 Rc6+ 37. Kd2 Rg6 38. Ke3 Rh6 39. Bf3 Ke7 40. Rb2 Bd7 41. d5 1-0

[Event "HUN-chT2 Toth 0203"]
[Site "Hungary"]
[Date "2003.01.19"]
[Round "5"]
[White "Igaz, Ervin"]
[Black "Reiss, Attila"]
[Result "1-0"]
[WhiteElo "2135"]
[BlackElo "2122"]
[PlyCount "120"]
[EventDate "2002.09.22"]
[EventType "team-tourn"]
[EventRounds "11"]
[EventCountry "HUN"]
[SourceTitle "EXT 2009"]
[Source "ChessBase"]
[SourceDate "2008.11.26"]
[SourceVersion "1"]
[SourceVersionDate "2008.11.26"]
[SourceQuality "1"]

1. e4 c5 2. d4 cxd4 3. c3 d3 4. c4 e6 5. Nc3 a6 6. Bxd3 Qc7 7. Qe2 d6 8. f4 g6 9. Be3 Bg7 10. Rc1 Nf6 11. Nf3 0-0 12. 0-0 b6 13. h3 Bb7 14. Qf2 Nbd7 15. b4 Rfe8 16. g4 Rac8 17. Kh2 Qb8 18. Bd4 Qa8 19. Rce1 d5 20. e5 Ne4 21. Bxe4 dxe4 22. Nd2 f5 23. exf6 Nxf6 24. Bxf6 Bxf6 25. Ncxe4 Be7 26. Qxb6 Bc6 27. a3 Red8 28. Qe3 Bxe4 29. Nxe4 Rxc4 30. Nc5 Rd6 31. Re2 Qd5 32. Nxe6 Qd3 33. Rf3 Qd1 34. Ng5 Rc1 35. Qb3+ Qxb3 36. Rxb3 Bf6 37. Ne4 Re6 38. Nxf6+ Rxf6 39. Rf3 Rd6 40. f5 gxf5 41. gxf5 Kf7 42. Kg3 Kf6 43. Rb2 Rd5 44. a4 Rxf5 45. Rxf5+ Kxf5 46. b5 axb5 47. axb5 Rc7 48. b6 Rb7 49. Rb5+ Kg6 50. Kf4 Kf6 51. h4 Ke6 52. Kg5 Rg7+ 53. Kh6 Rb7 54. h5 Kf6 55. Rb2 Ke6 56. Kg5 Ke5 57. h6 Ke6 58. Rb5 Kd6 59. Kf6 Kc6 60. Rb1 Kd7 1-0

[Event "HUN-ch U18"]
[Site "Balatonlelle"]
[Date "2001.??.??"]
[Round "9"]
[White "Gombar, Janos"]
[Black "Reiss, Attila"]
[Result "1-0"]
[WhiteElo "2175"]
[BlackElo "2173"]
[PlyCount "63"]
[EventDate "2001.??.??"]
[EventType "swiss"]
[EventRounds "9"]
[EventCountry "HUN"]
[SourceTitle "EXT 2002"]
[Source "ChessBase"]
[SourceDate "2001.11.25"]
[SourceVersion "1"]
[SourceVersionDate "2001.11.25"]
[SourceQuality "1"]

1. e4 c5 2. Nc3 e6 3. Nf3 a6 4. a4 b6 5. g3 Bb7 6. Bg2 Qc7 7. 0-0 d6 8. d3 Nf6 9. Nh4 Be7 10. f4 Nc6 11. Kh1 Nd7 12. Nf3 Bf6 13. Be3 g6 14. Qd2 Rc8 15. f5 Nd4 16. fxe6 fxe6 17. Bh6 Nxf3 18. Rxf3 Bd4 19. Raf1 Ne5 20. Rf6 Qe7 21. Bh3 Kd7 22. Rxe6 Qxe6 23. Bxe6+ Kxe6 24. Qf4 Kd7 25. Nd1 Nc6 26. c3 Be5 27. Qg4+ Kc7 28. Rf7+ Kb8 29. Qd7 Nd8 30. Rxh7 c4 31. Rxh8 Bxh8 32. Qxd6+ 1-0

[Event "HUN-chT2 Maroczy 0001"]
[Site "Hungary"]
[Date "2000.12.03"]
[Round "2"]
[White "Reiss, Attila"]
[Black "Kiss, Balazs"]
[Result "1/2-1/2"]
[WhiteElo "2143"]
[BlackElo "2138"]
[PlyCount "101"]
[EventDate "2000.11.26"]
[EventType "team"]
[EventRounds "11"]
[EventCountry "HUN"]
[SourceTitle "EXT 2007"]
[Source "ChessBase"]
[SourceDate "2006.11.23"]
[SourceVersion "1"]
[SourceVersionDate "2006.11.23"]
[SourceQuality "1"]
[WhiteTeam "Kecskemet Szechenyi"]
[BlackTeam "Ujszasz"]
[WhiteTeamCountry "HUN"]
[BlackTeamCountry "HUN"]

1. c4 b6 2. Nc3 e6 3. e4 Bb7 4. Nge2 Nf6 5. g3 Nxe4 6. Nxe4 Bxe4 7. Rg1 c5 8. Nc3 Bb7 9. d3 Be7 10. Qg4 Bf6 11. Bf4 d6 12. 0-0-0 0-0 13. h4 a6 14. Bg2 Bxg2 15. Rxg2 d5 16. Bg5 Nc6 17. cxd5 exd5 18. Bxf6 Qxf6 19. Nxd5 Qd8 20. Ne3 Nb4 21. a3 Nc6 22. Rgg1 Re8 23. Rge1 b5 24. h5 Nd4 25. Nf5 Qf6 26. Nxd4 cxd4 27. Rxe8+ Rxe8 28. Qd7 Qe5 29. Kb1 h6 30. Rc1 Qe2 31. Rc7 Qxd3+ 32. Ka2 Rf8 33. Qd5 Qd2 34. f4 d3 35. Rd7 Qe2 36. Qxd3 Qxh5 37. Rd6 a5 38. Rd5 Qg4 39. Rxb5 a4 40. Rb4 Qe6+ 41. Qc4 Qxc4+ 42. Rxc4 Ra8 43. Kb1 g5 44. g4 Kg7 45. Kc2 gxf4 46. Rxf4 Ra5 47. Kc3 Kg6 48. Kb4 Ra7 49. Rf5 f6 50. Rb5 Ra8 51. Kc3 1/2-1/2

[Event "Kecskemet Blitzbank"]
[Site "Kecskemet"]
[Date "2000.06.19"]
[Round "3"]
[White "Farkas, Tibor"]
[Black "Reiss, Attila"]
[Result "1-0"]
[WhiteElo "2294"]
[BlackElo "2155"]
[PlyCount "71"]
[EventDate "2000.06.??"]
[EventType "tourn (blitz)"]
[EventRounds "9"]
[EventCountry "HUN"]
[EventCategory "1"]
[SourceTitle "EXT 2004"]
[Source "ChessBase"]
[SourceDate "2003.11.25"]
[SourceVersion "1"]
[SourceVersionDate "2003.11.25"]
[SourceQuality "1"]

1. e4 c5 2. Nf3 e6 3. d4 cxd4 4. Nxd4 a6 5. Nc3 Qc7 6. g3 Nf6 7. Bg2 d6 8. 0-0 Be7 9. Be3 Nc6 10. Qe2 0-0 11. Rad1 Na5 12. g4 Rb8 13. g5 Nd7 14. f4 Nc4 15. Bc1 Re8 16. Rf3 b5 17. Rh3 b4 18. Qh5 Nf8 19. Nce2 e5 20. Nf5 Bxf5 21. exf5 Qc5+ 22. Kh1 Nb6 23. f6 Qxc2 24. Rd2 Qb1 25. fxe7 Rxe7 26. f5 Rc7 27. f6 Rxc1+ 28. Nxc1 Qxc1+ 29. Rd1 Qc2 30. Rf1 Qg6 31. Qg4 Ne6 32. Be4 Qxg5 33. Bxh7+ Kf8 34. Bf5 gxf6 35. Bxe6 fxe6 36. Qxg5 1-0

[Event "HUN-chT2 9900"]
[Site "Hungary"]
[Date "2000.02.13"]
[Round "7"]
[White "Reiss, Attila"]
[Black "Kovacs, Gabor H"]
[Result "1/2-1/2"]
[WhiteElo "2148"]
[BlackElo "2204"]
[PlyCount "140"]
[EventDate "1999.09.26"]
[EventType "team-tourn"]
[EventRounds "11"]
[EventCountry "HUN"]
[SourceTitle "EXT 2002"]
[Source "ChessBase"]
[SourceDate "2001.11.25"]
[SourceVersion "1"]
[SourceVersionDate "2001.11.25"]
[SourceQuality "1"]

1. c4 e6 2. g3 d5 3. Bg2 Nf6 4. Nf3 Be7 5. 0-0 0-0 6. Qc2 Nbd7 7. b3 c5 8. cxd5 exd5 9. d4 b6 10. Bb2 Bb7 11. Nbd2 Rc8 12. Rac1 Ba6 13. Rfe1 cxd4 14. Qb1 Bb4 15. a3 Bc3 16. Qa1 Re8 17. Bf1 Ne4 18. Bxc3 dxc3 19. Nxe4 dxe4 20. Nd4 Nf6 21. e3 Bxf1 22. Rxf1 Nd5 23. Nb5 Qe7 24. Rfd1 Rc5 25. Nxc3 Nxc3 26. Rxc3 Rxc3 27. Qxc3 Qxa3 28. Qc6 Rf8 29. Rd7 Qxb3 30. Rxa7 Qd1+ 31. Kg2 Qf3+ 32. Kg1 h5 33. Re7 Rd8 34. Re8+ Rxe8 35. Qxe8+ Kh7 36. h4 Qd1+ 37. Kg2 Qd5 38. Qe7 b5 39. Qc7 b4 40. Qb6 Qc4 41. Qa5 g6 42. Qe5 b3 43. Qb2 Qe6 44. Qd4 Qf5 45. Qc3 Qf3+ 46. Kg1 Qd1+ 47. Kg2 Qd3 48. Qe5 Qc2 49. Qf6 Qc4 50. Qe5 Qc6 51. Qd4 Qb7 52. Qb2 f6 53. Kg1 Kg7 54. Kg2 Kf7 55. Kg1 Qb5 56. Kg2 Ke6 57. Kg1 Qc4 58. Qa3 Qd5 59. Qa7 Kf5 60. Qb8 Qd1+ 61. Kg2 Qd5 62. Qb6 g5 63. hxg5 Kxg5 64. Qb8 Qc4 65. Qb7 Kg6 66. Qb8 Qf7 67. Qb4 f5 68. Qb6+ Kh7 69. Qb5 Kg7 70. Qb8 Qd5 1/2-1/2

[Event "Kecskemet Blitzbank"]
[Site "Kecskemet"]
[Date "2000.??.??"]
[Round "?"]
[White "Reiss, Attila"]
[Black "Bromberger, Stefan"]
[Result "1/2-1/2"]
[WhiteElo "2155"]
[BlackElo "2315"]
[PlyCount "94"]
[EventDate "2000.06.??"]
[EventType "tourn (blitz)"]
[EventRounds "9"]
[EventCountry "HUN"]
[EventCategory "1"]
[SourceTitle "EXT 2004"]
[Source "ChessBase"]
[SourceDate "2003.11.25"]
[SourceVersion "1"]
[SourceVersionDate "2003.11.25"]
[SourceQuality "1"]

1. c4 f5 2. g3 Nf6 3. Bg2 g6 4. Nc3 Bg7 5. Nf3 0-0 6. 0-0 d6 7. Rb1 a5 8. a3 e5 9. d3 Nc6 10. b4 axb4 11. axb4 h6 12. b5 Ne7 13. Bb2 g5 14. Ra1 Rxa1 15. Qxa1 f4 16. Qa7 Nf5 17. Nd2 fxg3 18. hxg3 Ng4 19. Bxb7 Bd7 20. Bg2 Qe8 21. Nf3 Qh5 22. Ne4 Nd4 23. Re1 Nxe2+ 24. Rxe2 Nh2 25. Re3 Nxf3+ 26. Rxf3 Rxf3 27. Bxf3 Qxf3 28. Qa8+ Bf8 29. Qd5+ Kh8 30. Nc3 Bg4 31. Qxf3 Bxf3 32. Nd5 Bxd5 33. cxd5 g4 34. f3 gxf3 35. Kf2 Bg7 36. Bc1 Kh7 37. Bd2 Bf6 38. Kxf3 Kg6 39. g4 h5 40. Ba5 hxg4+ 41. Kxg4 Bd8 42. Bd2 Kf7 43. Kf5 Bh4 44. Ba5 Bd8 45. Be1 Bf6 46. Bf2 Bd8 47. Ba7 Ke7 1/2-1/2

[Event "Veszprem IM 6th"]
[Site "Veszprem"]
[Date "2000.??.??"]
[Round "3"]
[White "Reiss, Attila"]
[Black "Flumbort, Andras"]
[Result "0-1"]
[WhiteElo "2155"]
[BlackElo "2260"]
[PlyCount "74"]
[EventDate "2000.??.??"]
[EventType "tourn"]
[EventRounds "9"]
[EventCountry "HUN"]
[EventCategory "2"]
[SourceTitle "EXT 2003"]
[Source "ChessBase"]
[SourceDate "2002.11.25"]
[SourceVersion "1"]
[SourceVersionDate "2002.11.25"]
[SourceQuality "1"]

1. c4 Nf6 2. g3 g6 3. Bg2 d5 4. cxd5 Nxd5 5. Nc3 Nb6 6. d3 Nc6 7. Be3 Bg7 8. Qd2 Nd4 9. Nf3 Nf5 10. Bc5 0-0 11. 0-0 Nd7 12. Ba3 Rb8 13. b4 c6 14. Rab1 Re8 15. Ne4 Nf8 16. Bb2 e5 17. a4 Qe7 18. Qc2 Ne6 19. e3 Nc7 20. Qc5 Qxc5 21. Nxc5 b6 22. Nb3 Ba6 23. Rfd1 Rbd8 24. Ne1 Ne7 25. Rbc1 Ncd5 26. Nc2 Nc8 27. e4 Nde7 28. Ne1 Rd7 29. f4 exf4 30. Bxg7 Kxg7 31. gxf4 Red8 32. Bf1 Nd6 33. Be2 Nxe4 34. Bf3 Nf6 35. Bxc6 Nxc6 36. Rxc6 Nd5 37. b5 Bb7 0-1

[Event "HUN-chT2 9900"]
[Site "Hungary"]
[Date "1999.11.21"]
[Round "5"]
[White "Nagy, Karoly"]
[Black "Reiss, Attila"]
[Result "1-0"]
[WhiteElo "2156"]
[BlackElo "2148"]
[PlyCount "109"]
[EventDate "1999.09.26"]
[EventType "team-tourn"]
[EventRounds "11"]
[EventCountry "HUN"]
[SourceTitle "EXT 2002"]
[Source "ChessBase"]
[SourceDate "2001.11.25"]
[SourceVersion "1"]
[SourceVersionDate "2001.11.25"]
[SourceQuality "1"]

1. e4 c5 2. Nf3 e6 3. c4 a6 4. Nc3 Qc7 5. d4 cxd4 6. Nxd4 Nf6 7. Be2 b6 8. Be3 Bb7 9. f3 d6 10. Qb3 Nbd7 11. Rc1 Be7 12. 0-0 0-0 13. Qd1 Rac8 14. b3 Qb8 15. Bd3 Nc5 16. Bb1 Bd8 17. Kh1 Bc7 18. Bg5 Bd8 19. Qe1 h6 20. Be3 Re8 21. Qg3 d5 22. Qxb8 Rxb8 23. exd5 exd5 24. Bf4 Ra8 25. cxd5 Bxd5 26. b4 Ne6 27. Nxd5 Nxd4 28. Nc7 Bxc7 29. Bxc7 b5 30. Bd3 Rac8 31. Bb6 Nc6 32. Bf5 Ne7 33. Bxc8 Nxc8 34. Bc5 Nd7 35. Kg1 Nxc5 36. Rxc5 Nd6 37. Rc6 Nc4 38. Rxa6 Re2 39. a4 Ne3 40. Rc1 Rxg2+ 41. Kh1 Rb2 42. axb5 Rxb4 43. Ra8+ Kh7 44. Rb8 Kg6 45. Kg1 Rb2 46. Re1 Nd5 47. Re4 f5 48. Rd4 Ne3 49. Re8 Rg2+ 50. Kh1 Re2 51. Rd1 f4 52. Rb1 Kg5 53. b6 Kh4 54. b7 Kh3 55. Rxe3 1-0

[Event "Paks op"]
[Site "Paks"]
[Date "1998.??.??"]
[Round "?"]
[White "Maupin, Jean Paul"]
[Black "Reiss, Attila"]
[Result "1-0"]
[WhiteElo "2025"]
[BlackElo "2160"]
[PlyCount "73"]
[EventDate "1998.??.??"]
[EventType "swiss"]
[EventRounds "7"]
[EventCountry "HUN"]
[SourceTitle "EXT 2002"]
[Source "ChessBase"]
[SourceDate "2001.11.25"]
[SourceVersion "1"]
[SourceVersionDate "2001.11.25"]
[SourceQuality "1"]

1. e4 c5 2. Nf3 e6 3. c3 Nf6 4. e5 Nd5 5. d4 cxd4 6. cxd4 d6 7. Bd3 Nc6 8. exd6 Bxd6 9. Nc3 Be7 10. 0-0 b6 11. Re1 Bb7 12. a3 0-0 13. Bb1 Nxc3 14. bxc3 Bf6 15. Qd3 g6 16. Bh6 Bg7 17. Bxg7 Kxg7 18. Ba2 Ne7 19. Rad1 Qd6 20. c4 Rfd8 21. Ng5 Nf5 22. d5 exd5 23. cxd5 Rac8 24. Ne4 Qc7 25. g4 Nd6 26. Qd4+ f6 27. Qxf6+ Kg8 28. Qe6+ Kg7 29. Qf6+ Kg8 30. Ng5 Re8 31. Re6 Qc2 32. Rde1 Rxe6 33. Nxe6 Qc3 34. Re5 Qc1+ 35. Kg2 Qh6 36. g5 Ne8 37. Qf4 1-0

[Event "Eger Agria op"]
[Site "Eger"]
[Date "1997.??.??"]
[Round "6"]
[White "Dornauer, Joachim"]
[Black "Reiss, Attila"]
[Result "1/2-1/2"]
[WhiteElo "2230"]
[BlackElo "2170"]
[PlyCount "136"]
[EventDate "1997.07.??"]
[EventType "swiss"]
[EventRounds "9"]
[EventCountry "HUN"]
[SourceTitle "EXT 2001"]
[Source "ChessBase"]
[SourceDate "2000.11.22"]
[SourceVersion "1"]
[SourceVersionDate "2000.11.22"]
[SourceQuality "1"]

1. d4 Nf6 2. c4 c5 3. d5 b5 4. cxb5 a6 5. bxa6 g6 6. Nc3 Bxa6 7. Nf3 d6 8. g3 Bg7 9. e4 Bxf1 10. Kxf1 0-0 11. Kg2 Nbd7 12. h3 Nb6 13. Bf4 Nfd7 14. Qe2 Qc7 15. Rhe1 Qb7 16. Rad1 Rfd8 17. Kg1 c4 18. Nd4 Nc5 19. Nc6 Re8 20. Qd2 Nba4 21. Re2 Qxb2 22. Qxb2 Nxb2 23. Rxb2 Bxc3 24. Rc2 Bf6 25. e5 dxe5 26. Bxe5 Bxe5 27. Nxe5 c3 28. Rxc3 Ne4 29. Re3 Ra4 30. Nc6 Kf8 31. a3 Nd6 32. Rd4 Ra6 33. Nb4 Ra4 34. Nc6 Rxd4 35. Nxd4 Nc4 36. Rc3 Nb6 37. Rc5 Rd8 38. Nc6 Rxd5 39. Rxd5 Nxd5 40. Kf1 Ke8 41. Ke2 f6 42. Kd3 Kd7 43. Nb4 Nb6 44. Kd4 Kd6 45. f4 h6 46. Nd3 Kc6 47. Nb4+ Kd6 48. Na2 Kc6 49. Nc3 Kd6 50. a4 Nd7 51. Kc4 Kc6 52. Nd5 Kd6 53. a5 e6 54. Nc3 Kc6 55. Ne4 f5 56. Nc3 e5 57. fxe5 Nxe5+ 58. Kd4 Nf3+ 59. Ke3 Ne5 60. Kd4 Nf3+ 61. Ke3 Ne5 62. a6 Kb6 63. Kd4 Nf3+ 64. Kd5 Kxa6 65. Ke6 Ng5+ 66. Kf6 Nxh3 67. Ne2 Nf2 68. Kxg6 Ne4 1/2-1/2

[Event "Eger Agria op"]
[Site "Eger"]
[Date "1997.??.??"]
[Round "2"]
[White "Reiss, Attila"]
[Black "Tober, Gerhard"]
[Result "0-1"]
[WhiteElo "2170"]
[BlackElo "2235"]
[PlyCount "108"]
[EventDate "1997.07.??"]
[EventType "swiss"]
[EventRounds "9"]
[EventCountry "HUN"]
[SourceTitle "EXT 2001"]
[Source "ChessBase"]
[SourceDate "2000.11.22"]
[SourceVersion "1"]
[SourceVersionDate "2000.11.22"]
[SourceQuality "1"]

1. c4 Nf6 2. g3 e6 3. Bg2 d5 4. Nf3 Be7 5. 0-0 0-0 6. b3 b6 7. Bb2 Bb7 8. cxd5 exd5 9. d4 Nbd7 10. Nc3 Ne4 11. Nxe4 dxe4 12. Ne5 f6 13. Nxd7 Qxd7 14. Rc1 f5 15. Rc2 Rac8 16. Qb1 f4 17. Rd1 f3 18. exf3 exf3 19. Bf1 Be4 20. Bd3 Qh3 21. Bf1 Qf5 22. Rdd2 Bb4 23. Qc1 Bxd2 24. Rxd2 c6 25. Qc3 Bd5 26. Ba3 Rf6 27. Rd1 Re8 28. Qd3 Qxd3 29. Bxd3 a5 30. Bc1 Rfe6 31. Be3 g6 32. Kf1 Ra8 33. Bc4 Bxc4+ 34. bxc4 Rd6 35. Rb1 Ra6 36. Ke1 Rd7 37. Kd2 Rb7 38. c5 b5 39. a4 b4 40. Rb3 Ra8 41. Kd3 Re8 42. Rb2 Kf7 43. Kc4 Rd7 44. Rd2 Rd5 45. Rd3 g5 46. h3 h5 47. Rb3 g4 48. h4 Rd7 49. Kd3 Rde7 50. Kd2 Ke6 51. Bg5 Kd5 52. Bxe7 Rxe7 53. Kd3 Re4 54. Rb2 Rxd4+ 0-1